00341nam a2200133Ia 4500008004100000041000800041082001500049100001400064245006900078260002200147300000800169365001600177700001400193230718s9999 xx 000 0 und d aeng a658.4bWAK aWakhlu B. aTotal Quality Excellence Through Orgnization Wide Transformation c1998bWheeler A H a272 cRs.b135.00 aWakhlu B.